000 00746nam a2200217Ii 4500
003 JO-AjNU
008 230605s9999||||xx |||||||||||||| ||und||
017 _a1984/3/145
040 _aJO-AjNU
_bara
_erda
_cJO-AjNU
041 _aara
050 1 4 _aPJ6696.A28 1984
100 3 _aأبو علي، محمد بركات حمدي,
_eauthor
_959497
245 0 0 _aمناهج وآراء في لغة القرآن
250 _aد.ط
264 3 1 _aعمان: دار الفكر للطباعة والنشر، 1984
300 _a219ص
_bيحنوي على مصادر ومراجع من ص195- 219
336 _atext
_btxt
_2rdacontent
337 _aunmediated
_bn
_2rdamedia
338 _avolume
_bnc
_2rdacarrier
650 4 _aالقرآن- ألفاظ
_959498
999 _aA26777
_c30345
_d30345